Serie A Winners - Statistics

General Stats
  • This quiz has been taken 179 times
  • The average score is 95 of 122
Answer Stats
Hint Answer % Correct
1910 | 1920 | 1930 | +17 others Inter Milan
100%
1905 | 1926 | 1931 | +33 others Juventus
100%
1901 | 1906 | 1907 | +16 others AC Milan
98%
1987 | 1990 | 2023 SSC Napoli
93%
1974 | 2000 Lazio Roma
89%
1942 | 1983 | 2001 AS Roma
85%
1925 | 1929 | 1936 | +4 others Bologna
55%
1956 | 1969 Fiorentina
53%
1991 Sampdoria
47%
1927 | 1928 | 1943 | +5 others Torino FC
45%
1970 Cagliari Calcio
33%
1898 | 1899 | 1900 | +6 others Genoa CFC
33%
1985 Hellas Verona
26%
1944 Spezia Calcio
10%
1908 | 1909 | 1911 | +4 others Pro Vercelli
8%
1914 Casale
4%
1922 US Novese
1%
No matching quizzes found
Score Distribution
Percent of People with Each Score
Percentile by Number Answered
Your Score History
You have not taken this quiz